ALL Maine Cities - Statistics

General Stats
  • This quiz has been taken 49 times
  • The average score is 118 of 482
Answer Stats
County Municipality % Correct
B Penobscot (seat) Bangor
92%
P Cumberland (seat) Portland
89%
A Kennebec (seat) Augusta
87%
Y York York
76%
L Androscoggin Lewiston
74%
S Lincoln Southport
71%
W Kennebec Waterville
71%
C Aroostook Caribou
68%
O Oxford Oxford
68%
S Cumberland South Portland
68%
K York Kennebunk
66%
L Penobscot Lincoln
66%
B Hancock Bar Harbor
63%
B Cumberland Brunswick
63%
K York Kennebunkport
63%
P Aroostook Presque Isle
61%
O Penobscot Orono
58%
A Androscoggin (seat) Auburn
55%
B Sagadahoc (seat) Bath
55%
S Cumberland Scarborough
55%
W Cumberland Westbrook
55%
B York Biddeford
53%
C Knox Camden
53%
H Aroostook (seat) Houlton
53%
K York Kittery
53%
S York Saco
53%
W Waldo Waldo
53%
W Knox Washington
53%
W York Wells
53%
B Waldo (seat) Belfast
50%
C Cumberland Cumberland
50%
F Cumberland Freeport
50%
B York Berwick
47%
F Aroostook Fort Kent
47%
G Cumberland Gorham
47%
P Oxford (seat) Paris
47%
S York Sanford
47%
E Washington Eastport
45%
E Hancock (seat) Ellsworth
45%
F Hancock Franklin
45%
L Androscoggin Lisbon
45%
R Knox (seat) Rockland
45%
V Aroostook Van Buren
45%
F Cumberland Falmouth
42%
H Hancock Hancock
42%
J Lincoln Jefferson
42%
K Waldo Knox
42%
M Washington (seat) Machias
42%
N Penobscot Newport
42%
O York Ogunquit
42%
O Penobscot Old Town
42%
P Hancock Penobscot
42%
S York South Berwick
42%
T Sagadahoc Topsham
42%
W Cumberland Windham
42%
Y Cumberland Yarmouth
42%
B Oxford Bethel
39%
B Lincoln Boothbay
39%
B Penobscot Brewer
39%
C Washington Calais
39%
C Cumberland Cape Elizabeth
39%
D Piscataquis (seat) Dover-Foxcroft
39%
F Franklin (seat) Farmington
39%
F Aroostook Fort Fairfield
39%
G Cumberland Gray
39%
M Somerset Madison
39%
M Kennebec Manchester
39%
N Oxford Norway
39%
R Knox Rockport
39%
C Kennebec China
37%
F Oxford Fryeburg
37%
L Penobscot Lee
37%
M Penobscot Millinocket
37%
O York Old Orchard Beach
37%
R Sagadahoc Richmond
37%
S Somerset (seat) Skowhegan
37%
S Knox St. George
37%
U Knox Union
37%
A Aroostook Ashland
34%
D Androscoggin Durham
34%
F Somerset Fairfield
34%
G Kennebec Gardiner
34%
G Piscataquis Greenville
34%
H Penobscot Hampden
34%
H Cumberland Harrison
34%
J Waldo Jackson
34%
L Washington Lubec
34%
M Penobscot Medway
34%
M Penobscot Milford
34%
S Hancock Southwest Harbor
34%
T Hancock Trenton
34%
B York Buxton
32%
C Hancock Castine
32%
C Kennebec Clinton
32%
D Lincoln Damariscotta
32%
E Aroostook Easton
32%
G Sagadahoc Georgetown
32%
H Kennebec Hallowell
32%
H Oxford Hartford
32%
J Somerset Jackman
32%
J Franklin Jay
32%
L York Lebanon
32%
L Aroostook Limestone
32%
M Aroostook Madawaska
32%
M Hancock Mount Desert
32%
N Cumberland Naples
32%
T Knox Thomaston
32%
U Waldo Unity
32%
W Lincoln Waldoboro
32%
A York (seat) Alfred
29%
A York Arundel
29%
B Sagadahoc Bowdoin
29%
B Cumberland Bridgton
29%
B Lincoln Bristol
29%
B Hancock Bucksport
29%
C Oxford Canton
29%
C Cumberland Casco
29%
D Penobscot Dexter
29%
D Oxford Dixfield
29%
E Penobscot East Millinocket
29%
L Androscoggin Livermore
29%
M Aroostook Mars Hill
29%
M Androscoggin Mechanic Falls
29%
M Waldo Monroe
29%
N Lincoln Newcastle
29%
N Cumberland New Gloucester
29%
N York North Berwick
29%
O Hancock Otis
29%
P Somerset Pittsfield
29%
P Androscoggin Poland
29%
R Cumberland Raymond
29%
R Oxford Rumford
29%
V Penobscot Veazie
29%
W Knox Warren
29%
W Waldo Winterport
29%
A Somerset Athens
26%
B Kennebec Belgrade
26%
B Hancock Blue Hill
26%
B Sagadahoc Bowdoinham
26%
B Piscataquis Brownville
26%
E York Eliot
26%
F Kennebec Farmingdale
26%
H Penobscot Hermon
26%
H Aroostook Hodgdon
26%
H York Hollis
26%
L Androscoggin Leeds
26%
L Kennebec Litchfield
26%
L Androscoggin Livermore Falls
26%
M Oxford Mexico
26%
M Washington Milbridge
26%
M Piscataquis Milo
26%
M Aroostook Monticello
26%
N Somerset New Portland
26%
O Penobscot Orrington
26%
P Kennebec Pittston
26%
R Franklin Rangeley
26%
S Cumberland Sebago
26%
S Penobscot Springfield
26%
W York Waterboro
26%
W Lincoln (seat) Wiscasset
26%
W Aroostook Woodland
26%
A York Acton
24%
A Hancock Aurora
24%
B Washington Beddington
24%
B Lincoln Boothbay Harbor
24%
B Penobscot Bradley
24%
C Penobscot Carmel
24%
C Penobscot Charleston
24%
C Penobscot Chester
24%
C Washington Columbia
24%
C York Cornish
24%
E Washington East Machias
24%
E Penobscot Eddington
24%
E Penobscot Etna
24%
F Waldo Frankfort
24%
G Androscoggin Greene
24%
G Piscataquis Guilford
24%
H Cumberland Harpswell
24%
H Penobscot Howland
24%
H Penobscot Hudson
24%
J Washington Jonesboro
24%
J Washington Jonesport
24%
L Waldo Lincolnville
24%
M Piscataquis Medford
24%
M Somerset Moscow
24%
N York Newfield
24%
N Aroostook New Sweden
24%
N Lincoln Nobleboro
24%
N Knox North Haven
24%
N Waldo Northport
24%
N Cumberland North Yarmouth
24%
O Kennebec Oakland
24%
O Hancock Orland
24%
P Washington Princeton
24%
R Kennebec Readfield
24%
R Kennebec Rome
24%
S Somerset St. Albans
24%
S Cumberland Standish
24%
S Oxford Sweden
24%
T Androscoggin Turner
24%
V Kennebec Vassalboro
24%
V Knox Vinalhaven
24%
W Androscoggin Wales
24%
W Kennebec Winslow
24%
A Washington Addison
21%
A Kennebec Albion
21%
A Aroostook Allagash
21%
A Oxford Andover
21%
B Washington Baileyville
21%
B Cumberland Baldwin
21%
B Kennebec Benton
21%
B Somerset Bingham
21%
B Aroostook Blaine
21%
B Penobscot Bradford
21%
B Waldo Brooks
21%
B Oxford Brownfield
21%
B Penobscot Burlington
21%
C Somerset Cambridge
21%
C Somerset Canaan
21%
C Washington Cherryfield
21%
C Penobscot Corinth
21%
D Washington Danforth
21%
D York Dayton
21%
D Hancock Dedham
21%
D Penobscot Dixmont
21%
D Lincoln Dresden
21%
E Aroostook Eagle Lake
21%
E Penobscot Enfield
21%
F Waldo Freedom
21%
F Aroostook Frenchville
21%
G Hancock Gouldsboro
21%
G Penobscot Greenbush
21%
H Washington Harrington
21%
H Somerset Hartland
21%
H Oxford Hebron
21%
H Oxford Hiram
21%
H Penobscot Holden
21%
I Aroostook Island Falls
21%
I Waldo Islesboro
21%
L Penobscot Lakeville
21%
L Hancock Lamoine
21%
L Penobscot Levant
21%
L York Limington
21%
L York Lyman
21%
M Washington Machiasport
21%
M Androscoggin Minot
21%
M Kennebec Monmouth
21%
N Oxford Newry
21%
N Franklin New Sharon
21%
O Oxford Otisfield
21%
P Somerset Palmyra
21%
P York Parsonsfield
21%
P Washington Perry
21%
P Oxford Porter
21%
P Waldo Prospect
21%
S Androscoggin Sabattus
21%
S Waldo Searsport
21%
S Aroostook Sherman
21%
S Knox South Thomaston
21%
S Aroostook St. Agatha
21%
S Hancock Sullivan
21%
S Oxford Sumner
21%
T Washington Topsfield
21%
U Oxford Upton
21%
W Kennebec Wayne
21%
W Aroostook Weston
21%
W Lincoln Whitefield
21%
W Franklin Wilton
21%
A Piscataquis Abbot
18%
A Hancock Amherst
18%
A Knox Appleton
18%
B Hancock Brooklin
18%
B Hancock Brooksville
18%
B Oxford Buckfield
18%
B Waldo Burnham
18%
B Oxford Byron
18%
C Washington Charlotte
18%
C Kennebec Chelsea
18%
C Franklin Chesterville
18%
C Washington Columbia Falls
18%
C Penobscot Corinna
18%
C Somerset Cornville
18%
D Hancock Deer Isle
18%
D Oxford Denmark
18%
D Somerset Detroit
18%
E Hancock Eastbrook
18%
E Penobscot Exeter
18%
F Kennebec Fayette
18%
F Knox Friendship
18%
G Oxford Gilead
18%
G Aroostook Grand Isle
18%
G Oxford Greenwood
18%
H Knox Hope
18%
I Knox Isle au Haut
18%
K Penobscot Kenduskeag
18%
L Penobscot Lagrange
18%
L York Limerick
18%
L Aroostook Littleton
18%
L Cumberland Long Island
18%
L Penobscot Lowell
18%
M Aroostook Mapleton
18%
M Hancock Mariaville
18%
M Aroostook Masardis
18%
M Kennebec Mount Vernon
18%
N Penobscot Newburgh
18%
N Somerset Norridgewock
18%
N Washington Northfield
18%
O Aroostook Oakfield
18%
O Knox Owls Head
18%
P Waldo Palermo
18%
P Penobscot Patten
18%
P Oxford Peru
18%
P Franklin Phillips
18%
P Sagadahoc Phippsburg
18%
P Penobscot Plymouth
18%
P Aroostook Portage Lake
18%
S Piscataquis Sangerville
18%
S Waldo Searsmont
18%
S Piscataquis Sebec
18%
S York Shapleigh
18%
S Aroostook Smyrna
18%
S Somerset Solon
18%
S Lincoln Somerville
18%
S Washington Steuben
18%
S Aroostook Stockholm
18%
S Waldo Stockton Springs
18%
S Franklin Strong
18%
S Hancock Surry
18%
T Waldo Troy
18%
W Aroostook Washburn
18%
W Franklin Weld
18%
W Kennebec Windsor
18%
W Kennebec Winthrop
18%
W Sagadahoc Woolwich
18%
A Washington Alexander
16%
A Lincoln Alna
16%
B Washington Beals
16%
B Lincoln Bremen
16%
B Aroostook Bridgewater
16%
C Franklin Carrabassett Valley
16%
C Franklin Carthage
16%
C Washington Crawford
16%
C Aroostook Crystal
16%
C Knox Cushing
16%
C Washington Cutler
16%
E Lincoln Edgecomb
16%
E Franklin Eustis
16%
G Penobscot Garland
16%
G Penobscot Glenburn
16%
H Aroostook Hamlin
16%
H Aroostook Hammond
16%
H Oxford Hanover
16%
H Somerset Harmony
16%
H Aroostook Hersey
16%
K Franklin Kingfield
16%
L Oxford Lovell
16%
L Aroostook Ludlow
16%
M Washington Meddybemps
16%
M Piscataquis Monson
16%
M Waldo Montville
16%
M Somerset Moose River
16%
M Waldo Morrill
16%
N Aroostook New Canada
16%
N Aroostook New Limerick
16%
O Aroostook Orient
16%
P Piscataquis Parkman
16%
P Penobscot Passadumkeag
16%
R Washington Roque Bluffs
16%
S Hancock Sedgwick
16%
S Piscataquis Shirley
16%
S Hancock Sorrento
16%
S Penobscot Stacyville
16%
S Penobscot Stetson
16%
S Aroostook St. Francis
16%
S Hancock Stonington
16%
S Hancock Swan's Island
16%
S Waldo Swanville
16%
T Hancock Tremont
16%
V Kennebec Vienna
16%
W Aroostook Wallagrass
16%
W Oxford Waterford
16%
W Piscataquis Wellington
16%
W Washington Wesley
16%
W Sagadahoc West Bath
16%
W Aroostook Westfield
16%
W Kennebec West Gardiner
16%
W Oxford West Paris
16%
W Piscataquis Willimantic
16%
W Oxford Woodstock
16%
A Franklin Avon
13%
B Piscataquis Beaver Cove
13%
B Waldo Belmont
13%
B Piscataquis Bowerbank
13%
C Somerset Caratunk
13%
C Aroostook Caswell
13%
C Aroostook Chapman
13%
C Cumberland Chebeague Island
13%
C Penobscot Clifton
13%
C Washington Cooper
13%
C Hancock Cranberry Isles
13%
D Washington Deblois
13%
D Washington Dennysville
13%
D Aroostook Dyer Brook
13%
E Penobscot Edinburg
13%
E Somerset Embden
13%
F Hancock Frenchboro
13%
G Washington Grand Lake Stream
13%
G Hancock Great Pond
13%
H Aroostook Haynesville
13%
I Franklin Industry
13%
L Waldo Liberty
13%
L Aroostook Linneus
13%
M Washington Marshfield
13%
M Penobscot Mattawamkeag
13%
M Penobscot Maxfield
13%
N Franklin New Vineyard
13%
O Hancock Osborn
13%
P Washington Pembroke
13%
P Aroostook Perham
13%
P Cumberland Pownal
13%
R Somerset Ripley
13%
R Washington Robbinston
13%
R Oxford Roxbury
13%
S Kennebec Sidney
13%
S Oxford Stoneham
13%
S Oxford Stow
13%
T Washington Talmadge
13%
T Franklin Temple
13%
T Somerset The Forks
13%
T Waldo Thorndike
13%
V Washington Vanceboro
13%
W Washington Waite
13%
W Hancock Waltham
13%
W Aroostook Westmanland
13%
W Washington Whiting
13%
W Penobscot Winn
13%
A Penobscot Alton
11%
A Aroostook Amity
11%
A Somerset Anson
11%
A Sagadahoc Arrowsic
11%
C Aroostook Castle Hill
11%
F Cumberland Frye Island
11%
G Aroostook Garfield Plantation
11%
K Piscataquis Kingsbury Plantation
11%
M Somerset Mercer
11%
M Aroostook Merrill
11%
M Penobscot Mount Chase
11%
P Somerset Pleasant Ridge Plantation
11%
R Kennebec Randolph
11%
S Aroostook Saint John Plantation
11%
S Somerset Smithfield
11%
S Somerset Starks
11%
W Aroostook Wade
11%
W Somerset West Forks
11%
W Lincoln Westport Island
11%
W Hancock Winter Harbor
11%
W Penobscot Woodville
11%
D Franklin Dallas Plantation
8%
D Somerset Dennistown
8%
L Oxford Lincoln Plantation
8%
M Lincoln Monhegan
8%
M Aroostook Moro Plantation
8%
N Aroostook Nashville Plantation
8%
R Franklin Rangeley Plantation
8%
V Hancock Verona Island
8%
W Washington Whitneyville
8%
S Penobscot Seboeis Plantation
5%
S Lincoln South Bristol
5%
B Washington Baring Plantation
3%
B Somerset Brighton Plantation
3%
C Penobscot Carroll Plantation
3%
C Franklin Coplin Plantation
3%
C Aroostook Cyr Plantation
3%
G Aroostook Glenwood Plantation
3%
H Somerset Highland Plantation
3%
L Piscataquis Lake View Plantation
3%
M Aroostook Macwahoc Plantation
3%
M Knox Matinicus Isle
3%
R Aroostook Reed Plantation
3%
S Franklin Sandy River Plantation
3%
W Penobscot Webster Plantation
3%
W Aroostook Winterville Plantation
0%
No matching quizzes found
Score Distribution
Percent of People with Each Score
Percentile by Number Answered
Your Score History
You have not taken this quiz